| 000 | 00488 a2200133 4500 | ||
|---|---|---|---|
| 082 | _a378.242 | ||
| 100 |
_aShair Baz _992591 |
||
| 245 |
_aGSM-OS: GSM-Operations Simulator {Project BIT1] _cShair Baz |
||
| 260 |
_aIsalamabad, _bNUST School of Electrical Engineering & Computer Science, _c2004. |
||
| 300 |
_avii, 63 p. : _bil. ; _c27 cm. _eCD-ROM |
||
| 500 | _aSupervisor : Mr. Ali Hammad Akbar. | ||
| 856 | _uhttp://10.250.8.41:8080/xmlui/handle/123456789/10506 | ||
| 942 |
_cPR _k378.242 SHA _2ddc |
||
| 999 |
_c8888 _d8888 |
||